000 00625nam a2200241Ia 4500
003 OSt
005 20221007095646.0
006 a|||||r|||| 00| 0
007 ta
008 221006b |||||||| |||| 00| 0 eng d
020 _a817534539X
024 _a2,414
037 _cTextual
040 _aLCO
_cLCO
_beng
041 _2eng
_aeng
082 _aZ2,5q, P6
100 _aGaur K.D.
_9455049
245 0 _aCommentary on Indian Penal Code
260 _aDelhi
_bUniversal Law Publishing Co. Pvt. Ltd. India
_c2006
300 _a1695
942 _hZ2,5q, P6
_cTEXL
999 _c1171977
_d1171977